000 00558nam a22002177a 4500
003 UA-OsUOA
001 41817
007 ta
008 20081106b un ||||| |||| 00| 0 ukr d
090 _a082
_bН34
942 _cBK
040 _aUA-OsUOA
_bukr
_cUA-OsUOA
_dUA-OsUOA
245 _aНаукові записки
_bІсторичні науки
_cВипуск 8
300 _a526 с.
955 _a1
041 _aukr
080 _a082
260 _aОстрог
_c2007
650 7 _a08 Видання. Колективні праці
_2UDC
999 _c440313
_d440313